000 00494nam a2200169 i 4500
001 26160
003 ES-MaACL
005 20230906153409.0
007 t|
008 030108s1860 sp ||||1| spa d
080 _a821.134.2-14"18"
100 1 _aArolas, Juan (
_d1805-1849)
_923150
245 1 0 _aPoesías religiosas, caballerescas, amatorias y orientales /
_cde Juan Arolas.
260 _aValencia :
_bJuan Mariana y Sanz,
_c1860.
300 _a3 v. ;
_c23 cm.
852 _aES-MaACL
_jG-2620-2
999 _c26160
_d26160